Di tích khảo cổ học Đàn Xã Tắc Thăng Long = Thăng Long - Xã Tắc altar archaeological site
Giới thiệu vị trí địa lý và quá trình nghiên cứu địa điểm đàn Xã Tắc; di tích, di vật thời Lý - Trần - Lê và diện mạo đàn Xã Tắc Thăng Long; các loại hình di tích khác; giá trị của địa điểm khảo cổ học đàn Xã Tắc...
Bewaard in:
| Hoofdauteur: | |
|---|---|
| Formaat: | Boek |
| Taal: | Undetermined |
| Gepubliceerd in: |
Hà Nội
Nxb. Hà Nội
2019
|
| Onderwerpen: | |
| Tags: |
Voeg label toe
Geen labels, Wees de eerste die dit record labelt!
|
| Thư viện lưu trữ: | Trung tâm Học liệu Trường Đại học Cần Thơ |
|---|
| LEADER | 01018nam a2200217Ia 4500 | ||
|---|---|---|---|
| 001 | CTU_239893 | ||
| 008 | 210402s9999 xx 000 0 und d | ||
| 082 | |a 930.109597 | ||
| 082 | |b T311 | ||
| 100 | |a Tống, Trung Tín | ||
| 245 | 0 | |a Di tích khảo cổ học Đàn Xã Tắc Thăng Long = | |
| 245 | 0 | |b Thăng Long - Xã Tắc altar archaeological site | |
| 245 | 0 | |c Tống Trung Tín (Chủ biên) | |
| 260 | |a Hà Nội | ||
| 260 | |b Nxb. Hà Nội | ||
| 260 | |c 2019 | ||
| 520 | |a Giới thiệu vị trí địa lý và quá trình nghiên cứu địa điểm đàn Xã Tắc; di tích, di vật thời Lý - Trần - Lê và diện mạo đàn Xã Tắc Thăng Long; các loại hình di tích khác; giá trị của địa điểm khảo cổ học đàn Xã Tắc | ||
| 650 | |a Khảo cổ học,Archaeology | ||
| 650 | |z Việt Nam,Vietnam | ||
| 910 | |b nthai | ||
| 980 | |a Trung tâm Học liệu Trường Đại học Cần Thơ | ||